"... daz ist zwâr der Bêheim sit ..."

Titel: "... daz ist zwâr der Bêheim sit ..." : Zum Bild des nördlichen Nachbarn in deutschsprachigen Chroniken Österreichs
Verfasser:
In: Kontakte und Konflikte, (1993), Seite 97-112
alle Artikel anzeigen
Veröffentlicht: 1993
Format: Aufsatz
Sprache: Deutsch
Kein Bild verfügbar
X
alg: 39226880
001A    $01999:11-11-16 
001B    $01999:12-03-21 $t19:06:26.000 
001D    $01999:11-11-16 
001U    $0utf8 
001X    $00 
002@    $0Aox 
003@    $0392268809 
007A    $0392268809 $aHEB 
007T    $0Herdc0042767m 
010@    $ager 
011@    $a1993 
021A    $a"... @daz ist zwâr der Bêheim sit ..." $dZum Bild des nördlichen Nachbarn in deutschsprachigen Chroniken Österreichs 
028A    $aTersch $dHarald 
031A    $h97-112 $j1993 
039B    $aIn $8--Aauc--. @Kontakte und Konflikte. - Horn {[u.a.] : Waldviertler Heimatbund, 1993. - 553 S.. - Ill., graph. Darst., Kt.. - ISBN 3-900708-10-X $x199300000000000903 $9027138232 
045F    $a900.943710902 $eDDC23BSB 
045F/01 $a900 
045F/03 $f0902 
045F/03 $g4371 

lok: 39226880 78

exp: 39226880 78 1 #EPN
201B/01 $026-11-17 $t01:04:30.000 
201U/01 $0utf8 
203@/01 $0788365320 
208@/01 $a11-11-16 $be 
209A/01 $a/ $f000 $x00 
220C/01 $aTitelaufnehmer: nk;an 
220C/01 $aHerkunft: HI Marburg 
244Z/01 $#Tschechien $#Tschechische Republik $#Tschechische Republik $#Tschechenland $#Tschechei Tschechien $#Česká Republika $#Czech Republic $#ČR $74303381-7 $8--Tg1--Tschechien $x01 $9086659812 
244Z/01 $2Trx $#Böhmen $#Bohemia $#Czechy $8--Trx--Čechy $x02 $9391188941 
244Z/01 $aGeschichte 1246-1467 $x03 
244Z/01 $2Trx $#historiograafia, Keskaeg $#viduramžių istoriografija $#historiography, Medieval $#történettudomány, középkori $#historiografia średniowieczna $#historiografia stredoveká $#historiografie středověká $8--Trx--Historiographie, mittelalterliche $x04 $9391360183 
244Z/01 $2Trx $#historiograafia, Tšehhi $#Čekijos istoriografija $#Historiography,Czech $#történettudomány, cseh $#historiografia czeska $#historiografia česká $#historiografie česká $#Historiographie, böhmische $8--Trx--Historiographie, tschechische $x05 $9391359770 
244Z/01 $2Trx $#rahvakeel $#tautinė [gimtoji?] kalba $#people's language $#népnyelv $#język narodowy $#jazyky ľudové, reč ľudová $#jazyky národní $#Nationalsprache $8--Trx--Volkssprache $x06 $9391361287 
244Z/01 $2Trx $#stereotüübid $#stereotipai $#Stereotypes $#sztereotipiák $#stereotypy $#stereotypy $#stereotypy $#Imagologie $#Fremdwahrnehmung $#Fremdenwahrnehmung $#imagologia $#imagológia $#imagologie $8--Trx--Stereotype $x07 $9391366254 
244Z/01 $2Trx $8--Trx--Einzelbeiträge $x08 $9391384570 
245Z/01 $a03.02 $x01 
247C/01 $82080>Marburg/Lahn, Herder-Institut, Forschungsbibliothek, Bibliographieportal $9336309341
LEADER 00000caa a22000002c 4500
001 392268809
003 DE-603
005 20210312190626.0
007 tu
008 161111s1993 xx |||| | u00||u|ger c
035 |a (DE-599)HEB392268809 
040 |a DE-603  |b ger  |c DE-603  |d DE-603 
041 |a ger 
082 0 4 |8 1\u  |a 900.943710902  |q DE-101  |2 23/BSB 
085 |8 1\u  |b 900 
085 |8 1\u  |z 1  |s 0902 
085 |8 1\u  |z 2  |s 4371 
100 1 |a Tersch, Harald 
245 0 0 |a ˜"...œ daz ist zwâr der Bêheim sit ..."  |b Zum Bild des nördlichen Nachbarn in deutschsprachigen Chroniken Österreichs 
264 0 |c 1993 
773 0 8 |i In  |t Kontakte und Konflikte  |d Horn ˜[u.a.] œ: Waldviertler Heimatbund, 1993  |h 553 S., Ill., graph. Darst., Kt.  |z 390070810X  |g (1993), Seite 97-112  |w (DE-603)027138232 
924 0 |9 2080  |a (DE-603)788365320  |b DE-2080  |c HES  |d d  |g /